000
00327nam a2200121Ia 4500
008
241028s9999 xx 000 0 und d
041
_a
eng
082
_a
658.514 HOD
100
_a
Hugo Hodges
245
_a
Business Innovation: Concepts And Analysis
260
_b
Murphy & Moore Publishing
_a
USA
_c
2022
300
_a
236;. P. 27 cm
999
_c
42924
_d
42924